| 000 | 00792nam a2200277 i 4500 | ||
|---|---|---|---|
| 001 | bgj | ||
| 100 | 1 |
_aSTOWE BEECHER, Harriet _d(1811-1896). |
|
| 245 | 1 | 0 |
_aUncle Tom's cabin : _bor, life among the lowly / _cHarriet Beecher Stowe. |
| 260 |
_aNew York : _bHarper & Row, Publishers, _c[c. 1965]. |
||
| 300 |
_aXXVII, 451 pp ; _c18 cm. |
||
| 490 | 1 | _aA Harper Classic | |
| 505 | _aBibliography p.IX. | ||
| 650 | 9 |
_aAmerican fiction _y19th century |
|
| 650 | 9 | _aPolitical fiction | |
| 650 | 9 | _aMaster and servant | |
| 650 | 9 | _aAfrican Americans | |
| 650 | 9 | _aFugitive slaves | |
| 650 | 9 | _aSlavery | |
| 650 | 9 | _aSlaves | |
| 650 | 9 | _aSlaves fugitive | |
| 830 | _aA Harper Classic | ||
| 040 | _cBPK | ||
| 041 | 0 | _aeng | |
| 942 | _cKS | ||
| 008 | s uk f |000 0 eng | ||
| 999 |
_c48432 _d48432 |
||